Les jeunes et l'amour dans les cités (notice n° 2198190)
[ vue normale ]
| 000 -LEADER | |
|---|---|
| fixed length control field | 01098cam a2200133 4500500 |
| 005 - DATE AND TIME OF LATEST TRANSACTION | |
| control field | 20260405085519.0 |
| 041 ## - LANGUAGE CODE | |
| Language code of text/sound track or separate title | fre |
| 042 ## - AUTHENTICATION CODE | |
| Authentication code | dc |
| 100 10 - MAIN ENTRY--PERSONAL NAME | |
| Personal name | Clair, Isabelle |
| Relator term | author |
| 245 00 - TITLE STATEMENT | |
| Title | Les jeunes et l'amour dans les cités |
| 260 ## - PUBLICATION, DISTRIBUTION, ETC. | |
| Name of publisher, distributor, etc. | Armand Colin,<br/> |
| Date of publication, distribution, etc. | 2008.<br/> |
| 520 ## - SUMMARY, ETC. | |
| Summary, etc. | Ce livre né d’une vaste enquête de terrain nous offre le "roman amoureux" des jeunes des cités. Au fil des témoignages recueillis, toute une mythologie se voit sérieusement relativisée. Néanmoins si les filles sont "tenues" par les logiques de la "réputation", elles savent en jouer volontiers stigmatisés. Compte tenu de la place de cette jeunesse des cités dans les générations montantes, les conclusions de ce livre sont particulièrement intéressantes pour comprendre les évolutions à venir des logiques de couple en France. Et répondre à la question qu’on se pose : est-on vraiment menacés d’une régression sensible en matière de statut de la femme ? |
| 856 41 - ELECTRONIC LOCATION AND ACCESS | |
| Uniform Resource Identifier | <a href="https://shs.cairn.info/les-jeunes-et-lamour-dans-les-cites--9782200351151?lang=fr&redirect-ssocas=7080">https://shs.cairn.info/les-jeunes-et-lamour-dans-les-cites--9782200351151?lang=fr&redirect-ssocas=7080</a> |
Pas d'exemplaire disponible.




Réseaux sociaux